<?xml version="1.0" encoding="UTF-8"?>
<record
    xmlns:xsi="http://www.w3.org/2001/XMLSchema-instance"
    xsi:schemaLocation="http://www.loc.gov/MARC21/slim http://www.loc.gov/standards/marcxml/schema/MARC21slim.xsd"
    xmlns="http://www.loc.gov/MARC21/slim">

  <leader>01279nam a22002657a 4500</leader>
  <controlfield tag="001">1310</controlfield>
  <controlfield tag="005">20230816101208.0</controlfield>
  <controlfield tag="008">230814b        cb ||||| |||| 00| 0 khr d</controlfield>
  <datafield tag="020" ind1=" " ind2=" ">
    <subfield code="a">9789996389863</subfield>
  </datafield>
  <datafield tag="040" ind1=" " ind2=" ">
    <subfield code="a">FISKH  </subfield>
    <subfield code="b">eng</subfield>
    <subfield code="c">FISKH  </subfield>
    <subfield code="d">FISKH  </subfield>
  </datafield>
  <datafield tag="082" ind1=" " ind2=" ">
    <subfield code="a">582.16</subfield>
  </datafield>
  <datafield tag="100" ind1=" " ind2=" ">
    <subfield code="a">Samphors, Try </subfield>
  </datafield>
  <datafield tag="245" ind1=" " ind2=" ">
    <subfield code="a">&#x1798;&#x17B8;&#x1798;&#x17B8; &#x1793;&#x17B7;&#x1784; &#x178A;&#x17BE;&#x1798;&#x1788;&#x17BE; </subfield>
    <subfield code="c">&#x1793;&#x17B7;&#x1796;&#x1793;&#x17D2;&#x1792; &#x1793;&#x17B7;&#x1784; &#x179A;&#x17BC;&#x1794;&#x1797;&#x17B6;&#x1796;&#x178A;&#x17C4;&#x1799; &#x1791;&#x17D2;&#x179A;&#x17B8; &#x179F;&#x1798;&#x17D2;&#x1795;&#x179F;&#x17D2;&#x179F; </subfield>
  </datafield>
  <datafield tag="260" ind1=" " ind2=" ">
    <subfield code="a">Phnom Penh : </subfield>
    <subfield code="b">Sipar, </subfield>
    <subfield code="c">2021.</subfield>
  </datafield>
  <datafield tag="300" ind1=" " ind2=" ">
    <subfield code="a">15 pages : </subfield>
    <subfield code="b">color illustrations ; </subfield>
    <subfield code="c">20 cm </subfield>
  </datafield>
  <datafield tag="505" ind1=" " ind2=" ">
    <subfield code="a">F 
</subfield>
  </datafield>
  <datafield tag="520" ind1=" " ind2=" ">
    <subfield code="a">&#x1798;&#x17B8;&#x1798;&#x17B8;&#x200B;&#x179B;&#x17C1;&#x1784;&#x1793;&#x17C5;&#x1780;&#x17D2;&#x179A;&#x17C4;&#x1798;&#x1798;&#x17C1;&#x1783;&#x178A;&#x17CF;&#x1780;&#x17D2;&#x178A;&#x17C5;&#x17D4; &#x1780;&#x17D2;&#x179A;&#x17C4;&#x1799;&#x1798;&#x1780;&#x1798;&#x17D2;&#x178A;&#x17B6;&#x1799;&#x179A;&#x1794;&#x179F;&#x17CB;&#x1793;&#x17B6;&#x1784;&#x1780;&#x17CF;&#x1794;&#x17B6;&#x1793;&#x17B3;&#x17D2;&#x1799;&#x178A;&#x17BE;&#x1798;&#x1788;&#x17BE;&#x1798;&#x17BD;&#x1799;&#x178A;&#x17BE;&#x1798;&#x1791;&#x17C5;&#x1793;&#x17B6;&#x1784;&#x178A;&#x17B6;&#x17C6; &#x17A0;&#x17BE;&#x1799;&#x179C;&#x17B6;&#x1780;&#x17CF;&#x1794;&#x17B6;&#x1793;&#x1792;&#x17C6;&#x1787;&#x17B6;&#x1798;&#x17D2;&#x179B;&#x1794;&#x17CB;&#x178A;&#x179B;&#x17CB;&#x1798;&#x17B8;&#x1798;&#x17B8;&#x17D4; </subfield>
  </datafield>
  <datafield tag="520" ind1=" " ind2=" ">
    <subfield code="a">Meymey plays under the hot sky. Later, her mother gave her a tree to plant, and it grew into a shade for her. </subfield>
  </datafield>
  <datafield tag="521" ind1=" " ind2=" ">
    <subfield code="a">310 
</subfield>
    <subfield code="b">Lexile estimate 
</subfield>
  </datafield>
  <datafield tag="521" ind1=" " ind2=" ">
    <subfield code="a">F 
</subfield>
    <subfield code="b">Raz-Plus 
</subfield>
  </datafield>
  <datafield tag="650" ind1=" " ind2=" ">
    <subfield code="a">&#x17A2;&#x17B6;&#x1780;&#x17B6;&#x179F;&#x1792;&#x17B6;&#x178F;&#x17BB;&#x1780;&#x17D2;&#x178A;&#x17C5; </subfield>
    <subfield code="v">&#x178A;&#x17BE;&#x1798;&#x1788;&#x17BE; </subfield>
    <subfield code="x">&#x179B;&#x17C1;&#x1784; </subfield>
  </datafield>
  <datafield tag="650" ind1=" " ind2=" ">
    <subfield code="a">Hot weather</subfield>
    <subfield code="v">Tree </subfield>
    <subfield code="x">Play </subfield>
  </datafield>
  <datafield tag="700" ind1=" " ind2=" ">
    <subfield code="a">Samphors, Try </subfield>
    <subfield code="c">illustrator </subfield>
  </datafield>
  <datafield tag="942" ind1=" " ind2=" ">
    <subfield code="2">ddc</subfield>
    <subfield code="c">BK</subfield>
    <subfield code="n">0</subfield>
  </datafield>
  <datafield tag="999" ind1=" " ind2=" ">
    <subfield code="c">1310</subfield>
    <subfield code="d">1310</subfield>
  </datafield>
  <datafield tag="952" ind1=" " ind2=" ">
    <subfield code="0">0</subfield>
    <subfield code="1">0</subfield>
    <subfield code="2">ddc</subfield>
    <subfield code="4">0</subfield>
    <subfield code="7">0</subfield>
    <subfield code="8">KH</subfield>
    <subfield code="a">001</subfield>
    <subfield code="b">001</subfield>
    <subfield code="c">KHRS</subfield>
    <subfield code="d">2023-08-14</subfield>
    <subfield code="l">1</subfield>
    <subfield code="o">SAM 582.16</subfield>
    <subfield code="p">2023-0255</subfield>
    <subfield code="r">2024-12-03 08:52:26</subfield>
    <subfield code="s">2024-08-23</subfield>
    <subfield code="t">1</subfield>
    <subfield code="w">2023-08-14</subfield>
    <subfield code="y">BK</subfield>
  </datafield>
  <datafield tag="952" ind1=" " ind2=" ">
    <subfield code="0">0</subfield>
    <subfield code="1">0</subfield>
    <subfield code="2">ddc</subfield>
    <subfield code="4">0</subfield>
    <subfield code="7">0</subfield>
    <subfield code="8">KH</subfield>
    <subfield code="a">001</subfield>
    <subfield code="b">001</subfield>
    <subfield code="c">KHRS</subfield>
    <subfield code="d">2023-08-14</subfield>
    <subfield code="l">2</subfield>
    <subfield code="o">SAM 582.16</subfield>
    <subfield code="p">2023-0256</subfield>
    <subfield code="r">2026-02-02 09:34:06</subfield>
    <subfield code="s">2026-01-13</subfield>
    <subfield code="t">2</subfield>
    <subfield code="w">2023-08-14</subfield>
    <subfield code="y">BK</subfield>
  </datafield>
</record>
